| 000 | 01154cam a2200313 a 4500 | ||
|---|---|---|---|
| 999 |
_c9469 _d9469 |
||
| 001 | 4451904 | ||
| 003 | OSt | ||
| 005 | 20210114164305.0 | ||
| 008 | 950518s1995 cou b 000 1 eng | ||
| 010 | _a 95022513 | ||
| 020 | _a0891097910 | ||
| 040 |
_aDLC _cDLC _dDLC |
||
| 043 | _aa-is--- | ||
| 050 | 0 | 0 |
_aPS3558.I26 _bM36 1995 |
| 082 | 0 | 0 |
_a813/.54 _220 |
| 100 | 1 |
_aHicks, Robert, _d1945- |
|
| 245 | 1 | 0 |
_aMan of all passions : _bthe conflicting drives and complex desires of a man of God / _cRobert Hicks. |
| 260 |
_aColorado Springs, Colo. : _bNavPress, _cc1995. |
||
| 300 |
_a190 p. ; _c23 cm. |
||
| 504 | _aIncludes bibliographical references (p. 189-190). | ||
| 600 | 0 | 0 |
_aDavid, _cKing of Israel _xFiction. |
| 630 | 0 | 0 |
_aBible. _pOld Testament _xHistory of Biblical events _xFiction. |
| 651 | 0 |
_aIsrael _xKings and rulers _xFiction. |
|
| 655 | 7 |
_aReligious fiction. _2lcsh |
|
| 655 | 7 |
_aBiographical fiction. _2gsafd |
|
| 906 |
_a7 _bcbc _corignew _d1 _eocip _f19 _gy-gencatlg |
||
| 942 |
_2ddc _cBK |
||